Degrassi Season 12-name the person Quiz Stats

 Plays Quiz not verified by Sporcle

Challenge
Share
Tweet
Embed
Score 0/19 Timer 08:00
0 Plays Today
% Correct
Luke and Becky
94%
Marisol
90.8%
Imogen
89.5%
Maya
88.8%
Bianca
87.1%
Eli
86.2%
Eli
85.2%
Adam
85%
Dallas
84.3%
Jenna
83.5%
% Correct
Katie
80.7%
Dave
79.6%
Clare
78.9%
Asher
78.5%
Tristan
77.9%
Clare
77.6%
Drew
77.1%
Tori
74.2%
Mo
70.4%

You're not logged in!

Compare scores with friends on all Sporcle quizzes.
Join for Free
OR
Log In

You Might Also Like...

Show Comments

Extras

Top Quizzes Today


Score Distribution

Your Account Isn't Verified!

In order to create a playlist on Sporcle, you need to verify the email address you used during registration. Go to your Sporcle Settings to finish the process.

Report this User

Report this user for behavior that violates our Community Guidelines.

Details: